| 000 | 00654nam a2200169 i 4500 | ||
|---|---|---|---|
| 001 | 173645 | ||
| 003 | ES-MaACL | ||
| 005 | 20230906215312.0 | ||
| 008 | 091221s1870 it |||| | ita d | ||
| 100 | 1 |
_aNegri, Cristoforo. _9130432 |
|
| 245 | 1 | 0 | _aDiscorso del comm. Cristoforo Negri presidente della Societa geografica italiana tenuto nell'adunanza solenne del 13 marzo 1870. |
| 260 |
_a[Firenze : _bCivelli, _c1870] |
||
| 300 |
_a72 p. ; _c21 cm. |
||
| 500 | _aDatos tomados de la Biblioteca Nacional Italiana. | ||
| 710 | 2 |
_aSocietà Geografica Italiana. _9141850 |
|
| 852 | 4 |
_aES-MaACL _jT-105-F-2 _zEnc. en un vol. facticio, falto de cub. y port. |
|
| 999 |
_c173645 _d173645 |
||